<?xml version="1.0" encoding="UTF-8"?>
<record
    xmlns:xsi="http://www.w3.org/2001/XMLSchema-instance"
    xsi:schemaLocation="http://www.loc.gov/MARC21/slim http://www.loc.gov/standards/marcxml/schema/MARC21slim.xsd"
    xmlns="http://www.loc.gov/MARC21/slim">

  <leader>02660nmmaa2200409 i 4500</leader>
  <controlfield tag="001">197790</controlfield>
  <controlfield tag="003">ES-MaACL</controlfield>
  <controlfield tag="005">20251015213217.0</controlfield>
  <controlfield tag="007">c| ||||a||||||</controlfield>
  <controlfield tag="008">250809e2009    sp |||||o||j o00| 0 spa  </controlfield>
  <datafield tag="017" ind1=" " ind2=" ">
    <subfield code="a">M 19160-2009</subfield>
    <subfield code="b">Oficina Dep&#xF3;sito Legal Madrid</subfield>
  </datafield>
  <datafield tag="020" ind1=" " ind2=" ">
    <subfield code="a">978-84-451-3207-4</subfield>
  </datafield>
  <datafield tag="040" ind1=" " ind2=" ">
    <subfield code="b">spa</subfield>
    <subfield code="c">ES-MaACL</subfield>
  </datafield>
  <datafield tag="080" ind1=" " ind2=" ">
    <subfield code="a">903(460.27)(063) </subfield>
  </datafield>
  <datafield tag="080" ind1=" " ind2=" ">
    <subfield code="a">904(460.27)(063) </subfield>
  </datafield>
  <datafield tag="111" ind1="2" ind2=" ">
    <subfield code="a">Jornadas de Patrimonio Arqueol&#xF3;gico en la Comunidad de Madrid</subfield>
    <subfield code="n">(3&#xAA;.</subfield>
    <subfield code="d">2006.</subfield>
    <subfield code="c">Madrid)</subfield>
    <subfield code="9">241690</subfield>
  </datafield>
  <datafield tag="245" ind1="1" ind2="0">
    <subfield code="a">Actas de las Terceras Jornadas de Patrimonio Arqueol&#xF3;gico en la Comunidad de Madrid </subfield>
    <subfield code="h">[Recurso electr&#xF3;nico] :</subfield>
    <subfield code="b">[celebradas en el Ateneo de Madrid durante los d&#xED;as 29 y 30 de noviembre y 1 de diciembre de 2006] /</subfield>
    <subfield code="c">[organizaci&#xF3;n, Direcci&#xF3;n General de Patrimonio Hist&#xF3;rico, &#xC1;rea de Protecci&#xF3;n del Patrimonio Arqueol&#xF3;gico, Paleontol&#xF3;gico y Etnogr&#xE1;fico ; Bel&#xE9;n Mart&#xED;nez D&#xED;az y Nicol&#xE1;s Benet]</subfield>
  </datafield>
  <datafield tag="260" ind1=" " ind2=" ">
    <subfield code="a">[Madrid] :</subfield>
    <subfield code="b">Direcci&#xF3;n General de Patrimonio Hist&#xF3;rico,</subfield>
    <subfield code="c">[2009]</subfield>
  </datafield>
  <datafield tag="300" ind1=" " ind2=" ">
    <subfield code="a">354 p&#xE1;ginas :</subfield>
    <subfield code="b">ilustraciones (blanco y negro y color), mapas, planos ;</subfield>
    <subfield code="c">24 cm</subfield>
  </datafield>
  <datafield tag="500" ind1=" " ind2=" ">
    <subfield code="a">&#xCD;ndice</subfield>
  </datafield>
  <datafield tag="504" ind1=" " ind2=" ">
    <subfield code="a">Referencias bibliogr&#xE1;ficas </subfield>
  </datafield>
  <datafield tag="505" ind1=" " ind2=" ">
    <subfield code="a">Programa de las III Jornadas de Patrimonio Arqueol&#xF3;gico en la Comunidad de Madrid. El ejercicio arqueol&#xF3;gico en el modelo preventivo. Cada cosa en su sitio: &#xFA;ltimas propuestas para  mejorar el registro arqueol&#xF3;gico. La II Edad del Hierro en la Comunidad de Madrid. Posters. En recuerdo de Charo Lucas   </subfield>
  </datafield>
  <datafield tag="520" ind1=" " ind2=" ">
    <subfield code="a">Recoge las ponencias y comunicaciones presentadas en las Terceras Jornadas de Patrimonio en la Comunidad de Madrid, celebradas en el Ateneo  de Madrid los d&#xED;as 29 y 30 de noviembre, y 1 de diciembre de 2006</subfield>
  </datafield>
  <datafield tag="530" ind1=" " ind2=" ">
    <subfield code="a">Disponible en formato digital </subfield>
  </datafield>
  <datafield tag="600" ind1="1" ind2="4">
    <subfield code="a">Lucas Pellicer, Mar&#xED;a Rosario,</subfield>
    <subfield code="d">1938-2004</subfield>
    <subfield code="9">193710</subfield>
  </datafield>
  <datafield tag="650" ind1=" " ind2="4">
    <subfield code="a">Excavaciones arqueol&#xF3;gicas-</subfield>
    <subfield code="z">Madrid (Comunidad Aut&#xF3;noma)</subfield>
    <subfield code="9">141253</subfield>
  </datafield>
  <datafield tag="650" ind1=" " ind2="4">
    <subfield code="a">Excavaciones arqueol&#xF3;gicas-</subfield>
    <subfield code="v">Congresos y asambleas</subfield>
    <subfield code="9">172811</subfield>
  </datafield>
  <datafield tag="651" ind1=" " ind2="4">
    <subfield code="a">Madrid (Comunidad Aut&#xF3;noma)-</subfield>
    <subfield code="x">Restos arqueol&#xF3;gicos- </subfield>
    <subfield code="v">Congresos y asambleas</subfield>
    <subfield code="9">241693</subfield>
  </datafield>
  <datafield tag="700" ind1="1" ind2=" ">
    <subfield code="a">Mart&#xED;nez D&#xED;az, Bel&#xE9;n</subfield>
    <subfield code="e">drt</subfield>
    <subfield code="9">241691</subfield>
  </datafield>
  <datafield tag="700" ind1="1" ind2=" ">
    <subfield code="a">Benet, Nicol&#xE1;s</subfield>
    <subfield code="e">drt</subfield>
    <subfield code="9">241694</subfield>
  </datafield>
  <datafield tag="710" ind1="2" ind2=" ">
    <subfield code="a">Madrid (Comunidad Aut&#xF3;noma).</subfield>
    <subfield code="b">&#xC1;rea de Protecci&#xF3;n del Patrimonio Arqueol&#xF3;gico, Paleontol&#xF3;gico y Etnol&#xF3;gico</subfield>
    <subfield code="e">isb</subfield>
    <subfield code="9">241699</subfield>
  </datafield>
  <datafield tag="710" ind1="2" ind2=" ">
    <subfield code="a">Ateneo de Madrid</subfield>
    <subfield code="e">his</subfield>
    <subfield code="9">1875</subfield>
  </datafield>
  <datafield tag="710" ind1="1" ind2=" ">
    <subfield code="a">Madrid (Comunidad Aut&#xF3;noma). </subfield>
    <subfield code="b">Direcci&#xF3;n General de Patrimonio Hist&#xF3;rico</subfield>
    <subfield code="e">edt</subfield>
    <subfield code="9">161737</subfield>
  </datafield>
  <datafield tag="856" ind1="4" ind2=" ">
    <subfield code="u">https://gestiona3.madrid.org/bvirtual/BVCM002675.pdf</subfield>
    <subfield code="y">Versi&#xF3;n en l&#xED;nea</subfield>
    <subfield code="z">(PublicaMadrid)</subfield>
  </datafield>
  <datafield tag="942" ind1=" " ind2=" ">
    <subfield code="2">udc</subfield>
    <subfield code="n">0</subfield>
    <subfield code="c">CDROM</subfield>
  </datafield>
  <datafield tag="999" ind1=" " ind2=" ">
    <subfield code="c">197790</subfield>
    <subfield code="d">197790</subfield>
  </datafield>
</record>
